000
00290nam a22001337a 4500
008
170608b xxu||||| |||| 00| 0 eng d
020
_a
9780871879370
041
_a
eng
080
_a
324
100
_a
18
101
_a
SHP
245
_a
THE ELECTIONS OF 1992
_c
NELSON, M
942
_2
udc
_c
BK
999
_c
16515
_d
16515